000 00225nam a2200097Ia 4500
008 240625s9999 xx 000 0 und d
041 _aeng
100 _aBONDI RICHARD
245 _aCRYPTOGRAPHY FOR VISUAL BASIC
260 _c2002
999 _c33119
_d33119